| 000 | 00563nam a22002057a 4500 | ||
|---|---|---|---|
| 003 | Ost | ||
| 005 | 20250325184318.0 | ||
| 008 | 250325b |||||||| |||| 00| 0 eng d | ||
| 020 | _a9780128180259 | ||
| 040 | _cBT-PhCST | ||
| 050 | _a25334-25336 | ||
| 082 |
_222 _a551.8 _blIS |
||
| 100 | _alisle, Richard J. | ||
| 245 |
_aGeological structures and maps : _ba practical guide / |
||
| 250 | _a4th ed. | ||
| 260 |
_aUnited Kingdom : _bButterworth-Heinemann, _cc2021. |
||
| 300 |
_aix, 119 p. : _bill. ; _c27 cm. |
||
| 500 | _aincludes index | ||
| 942 |
_2ddc _cGEOLOGY |
||
| 999 |
_c9949 _d9949 |
||